| 000 | 00442nam a2200169Ia 4500 | ||
|---|---|---|---|
| 003 | OSt | ||
| 005 | 20260306090652.0 | ||
| 008 | 211028s2008 xx 000 0 und d | ||
| 040 | _cAIMIT LIBRARY | ||
| 041 | _aeng | ||
| 100 |
_aKamath, Navin; Smitha. _g50971275 _92847 |
||
| 110 |
_aK Smitha. _92848 |
||
| 245 | _aCATS automation system / | ||
| 260 |
_aMangalore _c2008 |
||
| 710 |
_aInvenger Technologies Pvt Ltd _92849 |
||
| 942 |
_2ddc _cPRO |
||
| 999 |
_c217034 _d217034 |
||